| Tag |
First Indicator |
Second Indicator |
Subfields |
| LEADER |
00000cam a2200000 a 4500 |
| 001 |
in00000952001 |
| 005 |
20150925170223.0 |
| 007 |
hd afv|||baca |
| 008 |
860210s1643 miu a 00000 eng d |
| 035 |
|
|
|a (OCoLC)13133771
|
| 035 |
|
|
|9 AET0342AM
|
| 037 |
|
|
|a CL0037000012
|b UMI
|
| 037 |
|
|
|b University Microfilms International, 300 N. Zeeb Rd., Ann Arbor, MI 48106
|
| 040 |
|
|
|a EAA
|c EAA
|d m/c
|d UtOrBLW
|
| 049 |
|
|
|a TXAI
|
| 099 |
|
|
|a film
|a B
|a 3609
|
| 100 |
1 |
|
|a Greaves, Edward,
|c Sir,
|d 1608-1680.
|
| 245 |
1 |
0 |
|a Morbus epidemius anni 1643, or, The new disease with the signes, causes, remedies, &c.
|
| 264 |
|
3 |
|a Oxford :
|b Printed by Leonard Lichfield ...,
|c 1643.
|
| 300 |
|
|
|a 3 unnumbered pages, 25 pages
|
| 336 |
|
|
|a text
|b txt
|2 rdacontent
|
| 337 |
|
|
|a microform
|b h
|2 rdamedia
|
| 338 |
|
|
|a microfilm reel
|b hd
|2 rdacarrier
|
| 500 |
|
|
|a A London counterfeit. Cf. Madan.
|
| 500 |
|
|
|a Written by Edward Greaves. Cf. BM.
|
| 500 |
|
|
|a "Published by command"
|
| 500 |
|
|
|a Reproduction of original in Huntington Library.
|
| 510 |
4 |
|
|a Wing
|c G1792
|
| 510 |
4 |
|
|a Madan
|c 1502
|
| 500 |
|
|
|a Marginal notes.
|
| 533 |
|
|
|a Microfilm.
|b Ann Arbor, Mich. :
|c University Microfilms,
|d 1972.
|e 1 microfilm reel ; 35 mm.
|f (Early English books, 1641-1700 ; 419:5)
|
| 500 |
|
|
|a Microform.
|
| 650 |
|
0 |
|a Diseases
|x Early works to 1800.
|
| 650 |
|
0 |
|a Diseases
|x Causes and theories of causation
|x Early works to 1800.
|
| 740 |
0 |
|
|a Morbus epidemius anni 1643.
|
| 740 |
4 |
|
|a The new disease with the signes, causes, remedies, &c.
|
| 830 |
|
0 |
|a Early English books, 1641-1700 ;
|v 419:5.
|
| 999 |
|
|
|a MARS
|
| 999 |
f |
f |
|s 34ac6cd8-94fc-3c90-9386-cd6f2940a1b5
|i fc33d7f1-be66-33ee-b284-e7920d7b5b95
|t 0
|
| 952 |
f |
f |
|p default
|a Texas A&M University
|b College Station
|c Sterling C. Evans Library
|d Evans: Microforms (3rd floor)
|t 0
|e film B 3609 419:5
|h Other scheme
|i microform -- microfilm reel
|
| 998 |
f |
f |
|a film B 3609 419:5
|t 0
|l Evans: Microforms (3rd floor)
|